| 000 | 00666nam a2200229 a 4500 | ||
|---|---|---|---|
| 001 | 71921 | ||
| 003 | BD-RjUL | ||
| 005 | 20211209082202.0 | ||
| 008 | 170509r19631952caua|||| |||| 001 0 eng d | ||
| 035 | _a(BD-RjUL)72137 | ||
| 040 |
_aBD-RjUL _beng _cBD-RjUL _dBD-RjUL |
||
| 041 | _aeng | ||
| 082 |
_223 _a537 _bWHE 1963 |
||
| 100 | 1 |
_aWhitmer, Robert Morehouse _9201354 |
|
| 245 | 1 | 0 |
_aElectromagnetics / _cRobert Morehouse Whitmer |
| 250 | _a2nd ed. | ||
| 260 |
_aEnglewood Cliffs, New Jersey : _bPrentice-Hall, _c1952 [reprinted 1963] |
||
| 300 |
_a357 p.: _bill. ; _c22 cm. |
||
| 500 | _aIncludes index | ||
| 650 |
_aElectromagnetism. _9201355 |
||
| 942 |
_2ddc _cBK |
||
| 999 |
_c71921 _d71921 |
||